Posudzovanie zhody a ochrana spotrebiteľa. 2000 - 2001 /

Uloženo v:
Podrobná bibliografie
Hlavní autor: Kristová, Ľudmila
Médium: Kniha
Jazyk:slovenština
Vydáno: Žilina : [s.n.], 2000
Vydání:1. vyd.
Edice:Vzdelávacie kurzy projektu ExceTerr
Témata:
ISBN:8071007943
On-line přístup: Získat plný text
Tagy: Přidat tag
Žádné tagy, Buďte první, kdo vytvoří štítek k tomuto záznamu!

MARC

LEADER 00000nam a2200000 4500
003 SK-BrCVT
005 20220617210634.0
008 010603s2000 xo e ||||||slo d
020 |a 8071007943 
035 |a CVTIDW0959039 
040 |b slo  |a CVTI SR  |e AACR2 
041 0 |a slo 
044 |a xo 
080 |a 340.137  |2 UDC-MRF 
080 |a 006.074  |2 UDC-MRF 
080 |a 346.548  |2 UDC-MRF 
080 |a 366  |2 UDC-MRF 
100 1 |a Kristová, Ľudmila 
245 1 0 |a Posudzovanie zhody a ochrana spotrebiteľa. 2000 - 2001 /  |c Ľudmila Kristová 
250 |a 1. vyd. 
260 |a Žilina :  |b [s.n.],  |c 2000 
300 |a 48 s. :  |b tab. ; 
490 0 |a Vzdelávacie kurzy projektu ExceTerr 
653 1 |a Európska únia  |a aproximácia práva  |a prístupový proces  |a negociačná kapitola  |a systém kvality  |a notifikácia 
760 1 |t Vzdelávacie kurzy projektu ExceTerr 
910 |b A578060 
919 |a 80-7100-794-3 
974 |f Knihy 
992 |a AMG 
999 |c 125132  |d 125132